Normal view
MARC view
Entry Topical Term
001 - CONTROL NUMBER
- control field: 2
003 - CONTROL NUMBER IDENTIFIER
- control field: ARRUPE
005 - DATE AND TIME OF LATEST TRANSACTION
- control field: 20130423211921.0
008 - FIXED-LENGTH DATA ELEMENTS
- fixed length control field: 130423|| aca||aabn | a|a d
040 ## - CATALOGING SOURCE
- Original cataloging agency: ARRUPE
- Transcribing agency: ARRUPE
150 ## - HEADING--TOPICAL TERM
- Topical term or geographic name as entry element: Imperialism
670 ## - SOURCE DATA FOUND
- Source citation: Work cat.: (ARRUPE): Lenin, V. I. 1, Imperialism: , 1996